000 01067nam a2200265Ia 4500
003 OSt
005 20221005113323.0
006 a|||||r|||| 00| 0
007 ta
008 221004b |||||||| |||| 00| 0 pan d
020 _a9788130204925 (hbk)
_cINR 460.00
024 _a66715
037 _bSP/5334, 28/01/2020, Star Publications Pvt. Ltd.
_cTextual
040 _aCRL
_cCRL
_bpan
041 _2pan
_apan
082 _aO154-3,3:g, 153Q9
100 _aਕੌਲ, ਭੂFਨ ਲਾਲ, ਂਚ.
_9624501
245 0 _aਕFਮੀਰੀ ਤੇ ਪੰਜਾਬੀ ਲੋਕ ਕਹਾਣੀਆਂ ਦਾ ਤੁਲਲਾਤਮਿਕ ਅਧਿਐਨ
260 _aਪਟਿਆਲਾ
_bਪਬਲੀਕੇFਨ ਬਿਊਰੋ ਭਾਰਤ
_c2019
300 _a206ਪ੍ਰ0
_ccm.
650 _a ਪੰਜਾਬੀ ਕਹਾਣੀ
650 _aਪੰਜਾਬੀ ਸਾਹਿਤ
942 _hO154-3,3:g, 153Q9
_cTEXL
_2cc
999 _c1027784
_d1027784